000 00475nam a2200181Ia 4500
005 20250326140954.0
008 250326s9999 xx 000 0 und d
037 _aTextbook
040 _aFMSL
_beng
_cFMSL
041 _aeng
_2eng
084 _aX:51 N8
_qFMSL
100 _aClow K E
_9742398
245 0 _aService marketing
_cClow K E; Kurtz D L
260 _aNY
_bNY, John Wiley
_c1998
300 _a570p
942 _cTB
_hX:51 N8
999 _c1288107
_d1288107